• 首页
  • 本馆介绍
  • 公告通知
  • 最新文献
  • 馆藏检索
  • 电子资源
  • 读者导购
  • 参考咨询
  • 我的图书馆
  • 登录
  • 详细信息显示
  • 放入我的书架
  • 预约/预借图书
  • 作者相关作品
  • 分类相关作品
  • 丛书相关作品
  • 出版社相关作品

书目信息

  • 表格格式
  • 工作单格式
  • 卡片格式
题名:
风范集
    
 
作者: ;红旗杂志社政治编辑室 编
分册:  
出版信息: 北京   红旗出版社  1987
页数: 250页
开本: 19cm
丛书名:
单 册:
中图分类: I253 , D263
科图分类:
主题词: 通讯--中国--现代--选集 , 中国共产党
电子资源:
ISBN:
000 00711nam0 2200265 45
001 0187012824
005 20040424084512.2
010    @dCNY1.25
091    @a3160.070
100    @a19951125d1987 em y0chiy0121 ea
101 0  @achi
102    @aCN@b110000
105    @ay z 000yy
106    @ar
200 10 @a风范集@Afeng fan ji@f红旗杂志社政治编辑室编
210    @a北京@c红旗出版社@d1987
215    @a250页@d19cm
606    @a通讯@y中国@z现代@x选集
606 0  @a中国共产党
690    @aI253@v3
690    @aD263
711 02 @a红旗杂志社政治编辑室@4编@Ahong qi za zhi she zheng zhi bian ji shi
801  0 @aCN@b深圳图书馆@c20040424
801  2 @aCN@bNLC@c20040424
905    @f2@b254467-468@dD263@e48
    
    风范集/红旗杂志社政治编辑室编.-北京:红旗出版社,1987
    250页;19cm
    
    
    ISBN :CNY1.25
    
●
相关链接 在E读中查询图书 在五车中查询图书 在当当中查询图书 在豆瓣中查询图书


正题名:风范集     索取号:D263/48         预约/预借

序号 登录号 条形码 馆藏地/架位号 状态 备注
1 0254465   001672755   密集书库/ [索取号:D263/48] 在馆    
2 0254466   001672764   密集书库/ [索取号:D263/48] 在馆    
3 0254467   000383463   第一样本阅览室/ [索取号:D263/48] 在馆    
4 0254468   000383472   第一借阅区/ [索取号:D263/48] 在馆    
5 0254469   001659949   密集书库/ [索取号:D263/48] 在馆    
唐山师范学院图书馆 欢迎您!
大连网信软件有限公司© 版权所有